Childhood meningitis at the University Hospital, Kuala Lumpur, 1980-89 /
Saved in:
| Main Author: | |
|---|---|
| Format: | Thesis Book |
| Language: | English |
| Published: |
1993.
|
| Subjects: | |
| Tags: |
Add Tag
No Tags, Be the first to tag this record!
|
| LEADER | 00789cam a2200241 a 4500 | ||
|---|---|---|---|
| 001 | u331879 | ||
| 003 | SIRSI | ||
| 008 | 930827s1993 my t t00 1 eng | ||
| 035 | |a ABP-5679 | ||
| 040 | |a UMP | ||
| 043 | |a a-my-wp | ||
| 096 | |a WS340 |b Tee 1993 | ||
| 100 | 1 | 0 | |a Tee, Ah Cheng. |
| 245 | 1 | 0 | |a Childhood meningitis at the University Hospital, Kuala Lumpur, 1980-89 / |c by Tee Ah Cheng. |
| 260 | |c 1993. | ||
| 300 | |a vii, 81 leaves : |b ill. ; |c 30 cm. | ||
| 500 | |a Typescript. | ||
| 502 | |a Dissertation (M.Paed.) -- Fakulti Perubatan, University of Malaya, 1993. | ||
| 504 | |a Bibliography: leaves 72-81. | ||
| 650 | 2 | |a Meningitis |x in childhood & infancy. | |
| 948 | |a 27/08/1993 |b 30/10/1995 | ||
| 596 | |a 2 | ||
| 999 | |a WS340 TEE 1993 |w NLM |c 1 |i A500852475 |l STACKS |m P02MEDKL |r Y |s Y |t TESIS |u 6/9/1993 | ||
